000 00590nam a2200217Ia 4500
005 20230222092114.0
008 131103s9999 xx 000 0 und d
020 _a198710291
040 _aLoreto College
041 _aEnglish
082 _a821
_bBAT
100 _aBateson, F. W., 1901-78
245 _aEnglish poetry and the English language
_cFredericnoel Wilre Bateson
250 _a3rd ed.
260 _aOxford
_bClarendon Press
_c1973
300 _axi,109p.
504 _aIncludes index
650 _aEnglish Poetry - History and Criticism
850 _aLCLIB
942 _cBK
999 _c13008
_d63487